packaging Agricultural products/ (Record no. 1500)

MARC details
000 -LEADER
fixed length control field 00639nam a22002297a 4500
003 - CONTROL NUMBER IDENTIFIER
control field OSt
005 - DATE AND TIME OF LATEST TRANSACTION
control field 20241218061806.0
008 - FIXED-LENGTH DATA ELEMENTS--GENERAL INFORMATION
fixed length control field 241217b |||||||| |||| 00| 0 eng d
020 ## - INTERNATIONAL STANDARD BOOK NUMBER
International Standard Book Number 9789085731382
020 ## - INTERNATIONAL STANDARD BOOK NUMBER
International Standard Book Number 9789290814627
040 ## - CATALOGING SOURCE
Original cataloging agency KMU
Language of cataloging eng
Transcribing agency KMU
Modifying agency KMU
Description conventions RDA
050 ## - LIBRARY OF CONGRESS CALL NUMBER
Classification number S494.5.P33
100 ## - MAIN ENTRY--PERSONAL NAME
Personal name Fellows Peter
245 ## - TITLE STATEMENT
Title packaging Agricultural products/
Statement of responsibility, etc. Peter Fellows
260 ## - PUBLICATION, DISTRIBUTION, ETC.
Place of publication, distribution, etc. Wageningen:
Name of publisher, distributor, etc. Agromisa Foundation,
Date of publication, distribution, etc. 2011.
300 ## - PHYSICAL DESCRIPTION
Extent 71 p.:
Other physical details ill;
Dimensions 21 cm.
490 ## - SERIES STATEMENT
Series statement Agrodok-series No.50
500 ## - GENERAL NOTE
General note Include websites and glossary
650 ## - SUBJECT ADDED ENTRY--TOPICAL TERM
Topical term or geographic name entry element packaging
650 ## - SUBJECT ADDED ENTRY--TOPICAL TERM
Topical term or geographic name entry element Agriculture products
942 ## - ADDED ENTRY ELEMENTS (KOHA)
Source of classification or shelving scheme Library of Congress Classification
Koha item type Non-Fiction
Suppress in OPAC No
Holdings
Withdrawn status Lost status Source of classification or shelving scheme Damaged status Not for loan Collection Home library Current library Shelving location Date acquired Total Checkouts Full call number Barcode Date last seen Price effective from Koha item type
    Library of Congress Classification     Non-fiction Kapasa Makasa University Kapasa Makasa University Open Access 17.12.2024   S494.5.P33 Fel 300985 17.12.2024 17.12.2024 Non-Fiction
    Library of Congress Classification     Non-fiction Kapasa Makasa University Kapasa Makasa University Open Access 17.12.2024   S494.5.P33 Fel 300976 17.12.2024 17.12.2024 Non-Fiction
    Library of Congress Classification     Non-fiction Kapasa Makasa University Kapasa Makasa University Open Access 17.12.2024   S494.5.P33 Fel 300975 17.12.2024 17.12.2024 Non-Fiction